Moonwalk

Na minha lista:
Detalhes bibliográficos
Autor principal: Jackson, Michael
Outros Autores: Šajgalíková, Helena
Formato: Livro
Idioma:eslovaco
Publicado em: Bratislava AKTUELL 2009
Assuntos:
Tags: Adicionar Tag
Sem tags, seja o primeiro a adicionar uma tag!

MARC

LEADER 00000nam a2200000 4500
001 0119476
005 20240502072330.8
020 |a 978-80-89153-70-1 
041 0 |a slo 
044 |a SK 
245 1 0 |a Moonwalk  |c Michael Jackson ; z angl. orig. prel. Helena Šajgalíková 
264 1 |a Bratislava  |b AKTUELL  |c 2009 
300 |a [8 AH] 
610 2 0 |a literatúra 
100 1 |a Jackson, Michael 
700 1 |a Šajgalíková, Helena